Theory Of Computation (Record no. 221534)

MARC details
000 -LEADER
fixed length control field 00435nam a2200169Ia 4500
008 - FIXED-LENGTH DATA ELEMENTS--GENERAL INFORMATION
fixed length control field 230714s9999 xx 000 0 und d
020 ## - INTERNATIONAL STANDARD BOOK NUMBER
International Standard Book Number 9780000000000
041 ## - LANGUAGE CODE
Language code of text/sound track or separate title eng
082 ## - DEWEY DECIMAL CLASSIFICATION NUMBER
Classification number 004
Item number KUL
100 ## - MAIN ENTRY--PERSONAL NAME
Personal name Kulkarni V.
245 ## - TITLE STATEMENT
Title Theory Of Computation
260 ## - PUBLICATION, DISTRIBUTION, ETC. (IMPRINT)
Date of publication, distribution, etc. 2013
Name of publisher, distributor, etc. Oxford University Press
300 ## - PHYSICAL DESCRIPTION
Extent 529
365 ## - TRADE PRICE
Currency code Rs.
Price amount 450.00
700 ## - ADDED ENTRY--PERSONAL NAME
Personal name Kulkarni V.
906 ## - LOCAL DATA ELEMENT F, LDF (RLIN)
d O:0575907-Nov-2017B:481130-Oct-2017
c IT
b 1260

No items available.